The Binding Of Isaac: Repentance - Item by Flavour Text - Statistics

General Stats
  • This quiz has been taken 62 times
  • The average score is 5 of 12
Answer Stats
Quality Flavour Text Item % Correct
2 Gotta meat 'em all! Cube of Meat
71%
0 ZZaZZ ZZdZZiZZmZZhZZ ZZvZZ ZZoZZ ZZ ZZsZZlZZhZZsZZoZZa TMTRAINER
69%
3 Divine blade Spirit Sword
57%
3 Spending power Keeper’s Sack
51%
2 Psychic friend Little Steven
49%
1 We worked out all the kinks Robo-Baby 2.0
47%
4 I'm seeing red... Haemolacria
45%
3 Ascended Dogma
39%
3 Repent Anima Sola
18%
2 They lurk inside Quints
18%
4 Lost but not forgotten Mom’s Shovel
16%
2 Oh no... Montezuma's Revenge
14%
No matching quizzes found
Score Distribution
Percent of People with Each Score
Percentile by Number Answered
Your Score History
You have not taken this quiz